1239 1659 1383 1341 1694 1262 1765 1815 1587 1344 1497 1806 1217 1354 1311 1937 1118 1222 1845 1889 1873 1101 1479 1298 1781 1605 1596 1021 1187 1343 1075 1050 1875 1695 1835 1257 1736 1345 1275 1280 1285 1333 1296 1696 1731 1984 1319 2000 1305 1914 1278 1848 1529 1228 1837 1860 1394 1004 1548 1174 1740 1084 1190 1252 1778 1636 1336 1070 1676 1670 1807 1635 1723 1892 1339 1548 1224 1137 1716 1911 1555 1550 1029 1758 1920 1217 1957 1928 1491 1950 1887 1909 1129 1525 1435 1339 1982 1882 1510 BCNSPRNW ULIB Ver.6.0+V

เปลี่ยนเป็นภาษาไทย

Change to English
 แสดงรายละเอียดบรรณานุกรม
  กลับหน้าหลัก

Brief Record : Get Marc (ISO 2709) : E-mail record : QR code < ปิดหน้าต่าง
LEADER : 00000nam 2200000uu 4500
001    13399111361
003     ULIB
008    110623s2549||||th 000 0 tha d
020    9746552155
050  4 QD31.2^bม157ป 2549
100 0  มนนภา เทพสุด
245 10 ปฏิบัติการเคมีทั่วไป =^bGeneral chemistry laboratory /^cมนนภา เทพสุด
246 31 General chemistry laboratory
250    พิมพ์ครั้งที่ 3
260    กรุงเทพฯ :^bศูนย์เทคโนโลยีทางการศึกษา มหาวิทยาลัยศรีปทุม,^c2549
300    viii, 325 หน้า :^bภาพประกอบ ;^c26 ซม.
650  7 เคมี
710 2  มหาวิทยาลัยศรีปทุม. ^bศูนย์เทคโนโลยีทางการศึกษา
945    ^p220^l0^i14403
995    กัณชพร
999 ^a ใช้งานได้ทุกระบบ
รายการนี้ยังไม่มีแท็ก
คุณยังไม่ได้ล็อกอิน คุณสามารถมีกิจกรรมร่วมกับเว็บไซต์ได้ แต่ต้องล็อกอินก่อน ::
  ล็อกอิน

รายการสื่อสารสนเทศ

ลำดับที่ ประเภท เลขเรียก/บาร์โค้ด สถานที่ สถานะ
- ไม่พบข้อมูล -

รายการใกล้เคียง
    ผู้แต่ง [มนนภา เทพสุด]

    หัวเรื่อง [เคมี]

BibComment


ยังไม่เคยถูกคอมเมนท์

คอมเมนท์ทรัพยากรรายการนี้
  คอมเมนท์: ปฏิบัติการเคมีทั่..


 Copyright 2026. Bcnsprnw @Library